<?xml version="1.0" encoding="UTF-8"?>
<record
    xmlns:xsi="http://www.w3.org/2001/XMLSchema-instance"
    xsi:schemaLocation="http://www.loc.gov/MARC21/slim http://www.loc.gov/standards/marcxml/schema/MARC21slim.xsd"
    xmlns="http://www.loc.gov/MARC21/slim">

  <leader>     cmm a22      a 4500</leader>
  <datafield tag="952" ind1=" " ind2=" ">
    <subfield code="0">0</subfield>
    <subfield code="1">0</subfield>
    <subfield code="2">alc</subfield>
    <subfield code="4">0</subfield>
    <subfield code="7">0</subfield>
    <subfield code="a">ENAL</subfield>
    <subfield code="b">ENAL</subfield>
    <subfield code="d">2018-02-19</subfield>
    <subfield code="l">0</subfield>
    <subfield code="o">CD-3501</subfield>
    <subfield code="p">CD0003501</subfield>
    <subfield code="r">2018-02-19 00:00:00</subfield>
    <subfield code="t">1</subfield>
    <subfield code="w">2018-02-19</subfield>
    <subfield code="y">ETH</subfield>
  </datafield>
  <datafield tag="999" ind1=" " ind2=" ">
    <subfield code="c">17871</subfield>
    <subfield code="d">17871</subfield>
  </datafield>
  <controlfield tag="001">u212057</controlfield>
  <controlfield tag="003">SIRSI</controlfield>
  <controlfield tag="008">100628s2014    ua a    qb d  000 0 eng d</controlfield>
  <datafield tag="040" ind1=" " ind2=" ">
    <subfield code="a">EAL</subfield>
    <subfield code="c">EAL</subfield>
  </datafield>
  <datafield tag="041" ind1=" " ind2=" ">
    <subfield code="a">eng</subfield>
    <subfield code="b">ara</subfield>
  </datafield>
  <datafield tag="090" ind1=" " ind2=" ">
    <subfield code="a">CD-3501</subfield>
  </datafield>
  <datafield tag="100" ind1="1" ind2=" ">
    <subfield code="a">Khateb, Heba Khateb Abd-El-Khalek.</subfield>
    <subfield code="9">28677</subfield>
  </datafield>
  <datafield tag="245" ind1="1" ind2="0">
    <subfield code="a">Controlling of microbial hazards during the processing of mango pulp and juice through food safety management system (ISO 22000) </subfield>
    <subfield code="h">[electronic resource] /</subfield>
    <subfield code="c">Heba Khateb Abd-El-Khalek Khateb</subfield>
  </datafield>
  <datafield tag="246" ind1="1" ind2="5">
    <subfield code="a">&#x627;&#x644;&#x62A;&#x62D;&#x643;&#x645; &#x641;&#x64A; &#x627;&#x644;&#x645;&#x62E;&#x627;&#x637;&#x631; &#x627;&#x644;&#x645;&#x64A;&#x643;&#x631;&#x648;&#x628;&#x64A;&#x629; &#x623;&#x62B;&#x646;&#x627;&#x621; &#x62A;&#x635;&#x646;&#x64A;&#x639; &#x644;&#x628; &#x648;&#x639;&#x635;&#x64A;&#x631; &#x627;&#x644;&#x645;&#x627;&#x646;&#x62C;&#x648; &#x645;&#x646; &#x62E;&#x644;&#x627;&#x644; &#x646;&#x638;&#x627;&#x645; &#x625;&#x62F;&#x627;&#x631;&#x629; &#x633;&#x644;&#x627;&#x645;&#x629; &#x627;&#x644;&#x63A;&#x630;&#x627;&#x621; (&#x627;&#x644;&#x623;&#x64A;&#x632;&#x648; 22000)</subfield>
  </datafield>
  <datafield tag="260" ind1=" " ind2=" ">
    <subfield code="c">2014.</subfield>
  </datafield>
  <datafield tag="347" ind1=" " ind2=" ">
    <subfield code="a">text file</subfield>
    <subfield code="b">PDF</subfield>
  </datafield>
  <datafield tag="502" ind1=" " ind2=" ">
    <subfield code="a">Thesis (M.S.) -- Tanta  University, 2014.</subfield>
  </datafield>
  <datafield tag="504" ind1=" " ind2=" ">
    <subfield code="a">Includes bibliographical references (leaves 113-125) </subfield>
  </datafield>
  <datafield tag="538" ind1=" " ind2=" ">
    <subfield code="a">Systems requirements: Adobe Reader.</subfield>
  </datafield>
  <datafield tag="546" ind1=" " ind2=" ">
    <subfield code="a">Summary in Arabic.</subfield>
  </datafield>
  <datafield tag="650" ind1=" " ind2="0">
    <subfield code="a">Mango industry</subfield>
    <subfield code="9">28678</subfield>
  </datafield>
  <datafield tag="650" ind1=" " ind2="0">
    <subfield code="a">Food</subfield>
    <subfield code="x">Safety measures</subfield>
    <subfield code="9">28679</subfield>
  </datafield>
  <datafield tag="650" ind1=" " ind2="0">
    <subfield code="a">Fruit juices</subfield>
    <subfield code="x">Health aspects</subfield>
    <subfield code="9">28680</subfield>
  </datafield>
  <datafield tag="650" ind1=" " ind2="0">
    <subfield code="a">Canned fruit juices</subfield>
    <subfield code="9">28681</subfield>
  </datafield>
  <datafield tag="650" ind1=" " ind2="3">
    <subfield code="a">mango juice</subfield>
    <subfield code="9">28682</subfield>
  </datafield>
  <datafield tag="856" ind1="4" ind2="0">
    <subfield code="u">http://nile.enal.sci.eg/thesis/3501.pdf</subfield>
    <subfield code="z">Content &amp; Abstract.</subfield>
  </datafield>
  <datafield tag="910" ind1=" " ind2=" ">
    <subfield code="a">name:</subfield>
  </datafield>
  <datafield tag="942" ind1=" " ind2=" ">
    <subfield code="2">alc</subfield>
    <subfield code="c">E-Thesis</subfield>
  </datafield>
</record>
